<?xml version="1.0" encoding="UTF-8"?>
<marc:record xmlns:marc="http://www.loc.gov/MARC21/slim">
   <marc:leader>00000nam a2200000 a 4500</marc:leader>
   <marc:datafield ind1="0" ind2="0" tag="245">
      <marc:subfield code="a">Hildas Farben &amp; Förmchen [Spiel]</marc:subfield>
   </marc:datafield>
   <marc:datafield ind1="0" ind2="0" tag="245">
      <marc:subfield code="b">Zwei kooperative Farben- und Zuordnungsspiele für 1 - 3 Spieler ab 2 Jahren</marc:subfield>
   </marc:datafield>
   <marc:datafield ind1=" " ind2="1" tag="264">
      <marc:subfield code="a">Bad Rodach</marc:subfield>
      <marc:subfield code="b">Haba</marc:subfield>
   </marc:datafield>
   <marc:datafield ind1="1" ind2=" " tag="520">
      <marc:subfield code="a">Wer hat denn da so eine tolle Sandburg gebaut? Schildkröte Hilda staunt nicht schlecht und geht gleich auf Entdeckertour. Die Kinder würfeln und finden gemeinsam mit Hilda heraus, welche Förmchen zum Bauen verwendet wurden. Sie legen sie auf die passende Stelle des Spielplans und benennen jeweils deren Form und Farbe. Schaffen sie es, alle Förmchen einzupuzzeln, gewinnen sie gemeinsam. (Verlagstext) &#xD;
&#xD;
Formen und Farben unterscheiden und benennen ; Feinmotorik ; MINT</marc:subfield>
   </marc:datafield>
   <marc:datafield ind1="3" ind2=" " tag="024">
      <marc:subfield code="a">4010168264769</marc:subfield>
   </marc:datafield>
   <marc:datafield ind1=" " ind2=" " tag="041">
      <marc:subfield code="a">ger</marc:subfield>
   </marc:datafield>
   <marc:datafield ind1=" " ind2=" " tag="338">
      <marc:subfield code="a">Gegenstand</marc:subfield>
   </marc:datafield>
</marc:record>
